| 000 | 00548nam a2200157Ia 4500 | ||
|---|---|---|---|
| 008 | 210716s2016 xx 000 0 und d | ||
| 020 | _a9788126556830 | ||
| 041 | _aeng | ||
| 082 | _a658.3124 PEAG | ||
| 100 | _aPease, Gene; Byerly, Boyce; Fitz-enz, Jac. | ||
| 245 |
_aHuman capital analytics: how to harness the potential of your organizations greatest asset. _bHow to harness the potential of your organizations greatest asset. |
||
| 250 | _a1 | ||
| 260 |
_aNew Delhi _bWILEY _c2016 |
||
| 300 | _axiv,236 | ||
| 650 | _aHuman Resource Management | ||
| 999 |
_c209938 _d209938 |
||